Marketing strategies: (Record no. 104750)

MARC details
000 -LEADER
fixed length control field 00591nam a22001937a 4500
005 - DATE AND TIME OF LATEST TRANSACTION
control field 20161124152520.0
010 ## - LCCN (DPL NO)
LC control number ENG-116637
020 ## - INTERNATIONAL STANDARD BOOK NUMBER
International Standard Book Number 9788184845495
Terms of availability 1050.00
035 ## - SYSTEM CONTROL NUMBER
System control number EN-100169
037 ## - SOURCE OF ACQUISITION
Source of stock number/acquisition DBAD/PUB
082 ## - DEWEY DECIMAL CLASSIFICATION NUMBER
Classification number 658.8
100 ## - MAIN ENTRY--PERSONAL NAME
Personal name Dodrajka, Sangeeta
245 ## - TITLE STATEMENT
Title Marketing strategies:
Remainder of title various issues and case studies /
Statement of responsibility, etc by Sangeeta Dodrajka
260 ## - PUBLICATION, DISTRIBUTION, ETC. (IMPRINT)
Place of publication, distribution, etc New Delhi
Name of publisher, distributor, etc Regal Publications
Date of publication, distribution, etc 2016
270 ## - ADDRESS
Address F-159, Rajouri Garden
City New Delhi
Postal code 110041
300 ## - PHYSICAL DESCRIPTION
Extent 231p. :
Other physical details ill
Dimensions 22cm(Hb)
500 ## - GENERAL NOTE
General note Includes index
942 ## - ADDED ENTRY ELEMENTS (KOHA)
Source of classification or shelving scheme Dewey Decimal Classification
Item type English Books
Classification part 658.8
Call number suffix DOD
Holdings
Withdrawn status Lost status Not for loan Collection code Home library Current library Date acquired Source of acquisition Cost, normal purchase price Full call number Barcode Copy number Cost, replacement price Koha item type
    Not For Loan Non-fiction D.B.Act.Division Bawana 24/11/2016 DBAD/PUB 1050.00 658.8 DOD EN-100169 1 1050.00 English Books

© Delhi Public Library
Hit Counter
free hit counter